[Event "FRA-ch Top 16 2007-2008"]
[Site "France"]
[Date "2008.03.23"]
[Round "2"]
[White "Chuchelov, V."]
[Black "Nguyen Chi Minh"]
[Result "1/2-1/2"]
[WhiteElo "2551"]
[BlackElo "2411"]
[PlyCount "68"]
[EventDate "2008.03.??"]
[EventType "swiss"]
[EventRounds "11"]
[EventCountry "FRA"]
[SourceDate "2008.03.23"]
[WhiteTeam "Evry"]
[BlackTeam "Noyon"]
[WhiteTeamCountry "FRA"]
[BlackTeamCountry "FRA"]

1. c4 Nf6 2. d4 e6 3. g3 d5 4. Nf3 Bb4+ 5. Bd2 Be7 6. Bg2 O-O 7. O-O c6 8. Qc2
b6 9. Bf4 Bb7 10. Rd1 Nbd7 11. Nc3 Rc8 12. b3 Nh5 13. Bc1 f5 14. e3 b5 15. c5
a5 16. Ne2 g5 17. Bb2 Qe8 18. a3 h6 19. Ne5 Nhf6 20. f3 g4 21. Nf4 Bd8 22. b4
a4 23. h3 gxf3 24. Bxf3 Bc7 25. Rd2 Nxe5 26. dxe5 Nd7 27. Nd3 Kh8 28. Rg2 Rg8
29. Bd4 Rg7 30. Qb2 Qf7 31. Rf1 Rcg8 32. Kh2 h5 33. Nf4 h4 34. g4 Rg5 1/2-1/2

[Event "FRA-ch Top 16 2007-2008"]
[Site "France"]
[Date "2008.03.23"]
[Round "2"]
[White "Marcelin, Cyril"]
[Black "Feller, Sebastien"]
[Result "1/2-1/2"]
[WhiteElo "2510"]
[BlackElo "2522"]
[PlyCount "35"]
[EventDate "2008.03.??"]
[EventType "swiss"]
[EventRounds "11"]
[EventCountry "FRA"]
[SourceDate "2008.03.23"]
[WhiteTeam "Noyon"]
[BlackTeam "Evry"]
[WhiteTeamCountry "FRA"]
[BlackTeamCountry "FRA"]

1. e4 c5 2. Nf3 d6 3. c3 Nf6 4. Be2 Bd7 5. d3 c4 6. e5 cxd3 7. Qxd3 dxe5 8.
Nxe5 Nc6 9. Nxd7 Qxd7 10. Qxd7+ Nxd7 11. O-O O-O-O 12. Be3 e6 13. b4 Nb6 14. b5
Na5 15. Nd2 Be7 16. c4 Na4 17. Nb3 Bb4 18. Nxa5 1/2-1/2

[Event "FRA-ch Top 16 2007-2008"]
[Site "France"]
[Date "2008.03.23"]
[Round "2"]
[White "Hauchard, Arnaud"]
[Black "Clery, Nicolas"]
[Result "1-0"]
[WhiteElo "2476"]
[BlackElo "2390"]
[PlyCount "109"]
[EventDate "2008.03.??"]
[EventType "swiss"]
[EventRounds "11"]
[EventCountry "FRA"]
[SourceDate "2008.03.23"]
[WhiteTeam "Evry"]
[BlackTeam "Noyon"]
[WhiteTeamCountry "FRA"]
[BlackTeamCountry "FRA"]

1. c4 g6 2. Nc3 Bg7 3. d4 d6 4. e4 Nf6 5. Bg5 O-O 6. Qd2 c5 7. d5 b5 8. cxb5 a6
9. Nf3 axb5 10. Bxb5 Qa5 11. O-O Bg4 12. Qf4 Bxf3 13. Qxf3 h6 14. Bd2 Qb4 $2
15. a3 Qa5 (15... Qxb2 $4 16. Ra2 Qb3 17. Rb1 $18) 16. Qe2 Nbd7 17. f4 Rab8 18.
a4 Qc7 19. b3 h5 20. Rae1 c4 21. Bxc4 Nc5 22. Rb1 Rfc8 23. Kh1 Ng4 24. Nb5 Qd8
25. Be1 f5 26. exf5 gxf5 27. Na7 Kf7 28. Nxc8 Rxc8 29. Bd3 Qd7 30. b4 Nxd3 31.
Qxd3 Nf6 32. Bc3 Ne4 33. Bxg7 Kxg7 34. b5 Qa7 35. Qa3 Kf7 36. b6 Qa6 37. Qf3
Kg6 38. b7 Rb8 39. Qb3 h4 40. Qb5 Qa7 41. Qd7 Qd4 42. Qe6+ Nf6 43. Qxe7 h3 44.
Qe2 Kh6 45. Rf3 Ne4 46. Rxh3+ Kg7 47. Rf3 Qxa4 48. Qb5 Qa7 49. Qd7+ Kg6 50.
Qe6+ Kg7 51. Qe7+ Kg6 52. h3 Qa2 53. Qe6+ Kg7 54. Re1 Qd2 55. Rxe4 1-0

[Event "FRA-ch Top 16 2007-2008"]
[Site "France"]
[Date "2008.03.23"]
[Round "2"]
[White "Housieaux, David"]
[Black "Chabanon, Jean Luc"]
[Result "0-1"]
[WhiteElo "2353"]
[BlackElo "2454"]
[PlyCount "134"]
[EventDate "2008.03.??"]
[EventType "swiss"]
[EventRounds "11"]
[EventCountry "FRA"]
[SourceDate "2008.03.23"]
[WhiteTeam "Noyon"]
[BlackTeam "Evry"]
[WhiteTeamCountry "FRA"]
[BlackTeamCountry "FRA"]

1. d4 Nf6 2. c4 e6 3. g3 d5 4. Nf3 dxc4 5. Bg2 c5 6. O-O Nc6 7. Ne5 Bd7 8. Na3
cxd4 9. Naxc4 Nxe5 10. Nxe5 Qb6 11. Bf4 Rd8 12. Rc1 Be7 13. Nc4 Qa6 14. Qxd4
Bb5 15. Qc3 O-O 16. a4 Qxa4 17. b3 Qb4 18. Bxb7 Nd5 19. Qf3 Nxf4 20. gxf4 Bf6
21. Rc2 Rb8 22. Ne5 Bxe5 23. fxe5 Bxe2 24. Rxe2 Rxb7 25. Re3 Rd7 26. Ra1 Qd4
27. Ra4 Qb2 28. Rg4 f5 29. Rh4 Qc1+ 30. Kg2 Rd1 31. Qe2 Rg1+ 32. Kh3 Rg5 33.
Qc4 Qh1 34. Rg3 Rxg3+ 35. fxg3 Kh8 36. Rf4 g5 37. Rf2 Qe1 38. Kg2 Qxe5 39. Re2
Qd5+ 40. Qxd5 exd5 41. Re5 Kg7 42. Rxd5 Rf7 43. g4 Kg6 44. Rd6+ Kg7 45. Rd5 h5
46. h3 hxg4 47. hxg4 Kg6 48. Rd6+ Rf6 49. gxf5+ Kxf5 50. Rd7 a6 51. Rb7 Rc6 52.
Rb4 Rc2+ 53. Kg3 Rc3+ 54. Kg2 Re3 55. Ra4 Re6 56. Rb4 Ke5 57. Ra4 Rb6 58. Kf2
Kf5 59. Kg2 Kg6 60. Rc4 Kh5 61. b4 Rd6 62. Kg3 Rd3+ 63. Kg2 Ra3 64. Rc5 Ra4 65.
Ra5 $4 (65. Rc6 Kh4) 65... Rxa5 66. bxa5 Kg4 67. Kf2 Kh3 0-1

[Event "FRA-ch Top 16 2007-2008"]
[Site "France"]
[Date "2008.03.23"]
[Round "2"]
[White "Relange, Eloi"]
[Black "Hommeles, T."]
[Result "1/2-1/2"]
[WhiteElo "2479"]
[BlackElo "2390"]
[PlyCount "70"]
[EventDate "2008.03.??"]
[EventType "swiss"]
[EventRounds "11"]
[EventCountry "FRA"]
[SourceDate "2008.03.23"]
[WhiteTeam "Evry"]
[BlackTeam "Noyon"]
[WhiteTeamCountry "FRA"]
[BlackTeamCountry "FRA"]

1. d4 d5 2. c4 c6 3. Nf3 Nf6 4. Nc3 e6 5. Bg5 h6 6. Bh4 dxc4 7. e4 g5 8. Bg3 b5
9. Be2 Bb7 10. O-O Nbd7 11. Ne5 h5 12. Nxd7 Qxd7 13. Be5 Rh6 14. Qc1 b4 15. Na4
Nxe4 16. Rd1 c3 17. bxc3 f6 18. Nc5 Nxc3 19. Bxh5+ Rxh5 20. Nxd7 Kxd7 21. Qc2
fxe5 22. dxe5+ Nd5 23. Rxd5+ cxd5 24. Rc1 Rc8 25. Qa4+ Bc6 26. Qxa7+ Rc7 27.
Qb8 Rc8 28. Qa7+ Rc7 29. Qb8 Be7 30. h3 Rh4 31. Rxc6 Kxc6 32. Qe8+ Kc5 33. Qb8
Kc6 34. Qe8+ Kb6 35. Qb8+ Kc6 (35... Rb7 36. Qg8 Rd4 37. Qxe6+ Kb5) 1/2-1/2

[Event "FRA-ch Top 16 2007-2008"]
[Site "France"]
[Date "2008.03.23"]
[Round "2"]
[White "Roumegous, Marina"]
[Black "Assad, Karine"]
[Result "1-0"]
[WhiteElo "2217"]
[BlackElo "2042"]
[PlyCount "95"]
[EventDate "2008.03.??"]
[EventType "swiss"]
[EventRounds "11"]
[EventCountry "FRA"]
[SourceDate "2008.03.23"]
[WhiteTeam "Evry"]
[BlackTeam "Noyon"]
[WhiteTeamCountry "FRA"]
[BlackTeamCountry "FRA"]

1. d4 e6 2. c4 Nf6 3. Nc3 Bb4 4. Qc2 c5 5. dxc5 Bxc5 6. Nf3 Nc6 7. Bg5 Be7 8.
e3 Qa5 9. Be2 O-O 10. O-O d5 11. cxd5 Nxd5 12. Nxd5 exd5 13. Bxe7 Nxe7 14. Nd4
Bd7 15. b4 Qb6 16. Rfd1 Rac8 17. Qd2 Qg6 18. Bf3 Bg4 19. Rac1 Bxf3 20. Nxf3 Qe4
21. Qb2 Rxc1 22. Rxc1 Rc8 23. Rxc8+ Nxc8 24. h3 f6 25. Nd4 Qd3 26. Ne6 b5 27.
Qd4 Qxd4 (27... Qb1+ $2 28. Kh2 Qxa2 $4 29. Qc5 $18) 28. Nxd4 a6 29. Ne6 Kf7 (
29... Ne7 30. a3 Kf7 31. Nc7 $16) 30. Nc7 Ke7 31. Nxa6 Kd6 32. Nc5 Nb6 33. Nb3
Na4 34. Nd4 Nc3 35. a3 g6 36. Kf1 Kc7 37. f3 Kd6 38. Ke1 Ke5 39. Nc2 Nb1 40.
Kd1 f5 41. Kc1 Nc3 42. Kb2 Ne2 $4 (42... Nd1+ 43. Kb3 g5 $16) 43. f4+ Kd6 44.
Nd4 Nxd4 45. exd4 Kc6 46. Kb3 h6 47. a4 h5 48. a5 (48. axb5+ Kb6 49. h4 Kxb5
50. g3 $18) 1-0

[Event "FRA-ch Top 16 2007-2008"]
[Site "France"]
[Date "2008.03.23"]
[Round "2.2"]
[White "Rozentalis, E."]
[Black "Degraeve, Jean Marc"]
[Result "1/2-1/2"]
[WhiteElo "2567"]
[BlackElo "2535"]
[PlyCount "46"]
[EventDate "2008.03.??"]
[EventType "swiss"]
[EventRounds "11"]
[EventCountry "FRA"]
[SourceDate "2008.03.23"]
[WhiteTeam "Strasbourg"]
[BlackTeam "France"]
[WhiteTeamCountry "FRA"]
[BlackTeamCountry "FRA"]

1. e4 c5 2. Nf3 e6 3. c3 d5 4. exd5 Qxd5 5. d4 Nf6 6. Be3 cxd4 7. cxd4 Bb4+ 8.
Nc3 O-O 9. Be2 Bd7 10. Ne5 Nc6 11. O-O Bxc3 12. Nxd7 Qxd7 13. bxc3 Rac8 14. Rc1
Nd5 15. Bd2 Nb6 16. Re1 Na5 17. Bd3 Nac4 18. Bg5 h6 19. Bxh6 gxh6 20. Qg4+ Kh8
21. Qh4 Kg7 22. Qg4+ Kh8 23. Qh4 Kg7 1/2-1/2

[Event "FRA-ch Top 16 2007-2008"]
[Site "France"]
[Date "2008.03.23"]
[Round "2.4"]
[White "Kallai, G."]
[Black "Eliet, N."]
[Result "1-0"]
[WhiteElo "2470"]
[BlackElo "2453"]
[PlyCount "90"]
[EventDate "2008.03.??"]
[EventType "swiss"]
[EventRounds "11"]
[EventCountry "FRA"]
[SourceDate "2008.03.23"]
[WhiteTeam "France"]
[BlackTeam "France"]
[WhiteTeamCountry "FRA"]
[BlackTeamCountry "FRA"]

1. d4 d5 2. c4 c6 3. Nf3 Nf6 4. Nc3 dxc4 5. a4 Bf5 6. e3 e6 7. Bxc4 Bb4 8. O-O
Nbd7 9. Qe2 Bg4 10. h3 Bh5 11. Rd1 Qa5 12. e4 O-O 13. e5 Nd5 14. Ne4 Rae8 15.
Ng3 Bg6 16. Nh4 N7b6 17. Nxg6 fxg6 18. Bb3 Nf4 19. Bxf4 Rxf4 20. Ne4 Nd5 21. g3
Rff8 22. h4 Qc7 23. Rac1 Qd7 24. Qg4 Qf7 25. Kg2 Qf5 26. Qe2 Qh5 27. f3 Be7 28.
Rh1 Qh6 29. f4 Qh5 30. Qxh5 gxh5 31. Bxd5 cxd5 32. Nc5 Bxc5 33. Rxc5 Re7 34.
Rhc1 Rd8 35. Kf3 Kf7 36. b4 a6 37. Rc8 Rxc8 38. Rxc8 Kg6 39. b5 axb5 40. axb5
Kf7 41. b6 h6 42. g4 hxg4+ 43. Kxg4 Rd7 44. Rc7 Ke7 45. f5 Ke8 1-0

[Event "FRA-ch Top 16 2007-2008"]
[Site "France"]
[Date "2008.03.23"]
[Round "2.5"]
[White "Payen, Arnaud"]
[Black "Roos, Daniel"]
[Result "0-1"]
[WhiteElo "2403"]
[BlackElo "2408"]
[PlyCount "74"]
[EventDate "2008.03.??"]
[EventType "swiss"]
[EventRounds "11"]
[EventCountry "FRA"]
[SourceDate "2008.03.23"]
[WhiteTeam "France"]
[BlackTeam "France"]
[WhiteTeamCountry "FRA"]
[BlackTeamCountry "FRA"]

1. Nf3 g6 2. c4 Bg7 3. Nc3 c5 4. g3 Nc6 5. Bg2 Rb8 6. O-O a6 7. a4 d6 8. d3 Nf6
9. Bd2 O-O 10. Ne1 Bd7 11. Nc2 Ne8 12. Rb1 Nc7 13. b4 cxb4 14. Nxb4 Nxb4 15.
Rxb4 Bc6 16. Nd5 Nxd5 17. Bxd5 Bxd5 18. cxd5 Qd7 19. a5 Rfc8 20. Qb3 h5 21. Rb1
Rc7 22. Kg2 Bf6 23. h3 Kg7 24. Rc4 Rxc4 25. dxc4 Bd4 26. Qd3 Bc5 27. Bc3+ Kg8
28. Rf1 b5 29. Qd2 Kh7 30. cxb5 Rxb5 31. e4 Rb3 32. g4 hxg4 33. Rh1 g3 34. fxg3
Qa4 35. Re1 Qc4 36. Ba1 f6 37. e5 Rd3 0-1

[Event "FRA-ch Top 16 2007-2008"]
[Site "France"]
[Date "2008.03.23"]
[Round "2.6"]
[White "Roos, Jean Luc"]
[Black "Collas, Didier"]
[Result "1/2-1/2"]
[WhiteElo "2330"]
[BlackElo "2441"]
[PlyCount "36"]
[EventDate "2008.03.??"]
[EventType "swiss"]
[EventRounds "11"]
[EventCountry "FRA"]
[SourceDate "2008.03.23"]
[WhiteTeam "Strasbourg"]
[BlackTeam "Gonfreville"]
[WhiteTeamCountry "FRA"]
[BlackTeamCountry "FRA"]

1. d4 Nf6 2. c4 e6 3. Nc3 Bb4 4. e3 c5 5. Nf3 O-O 6. Bd3 d5 7. O-O cxd4 8. exd4
dxc4 9. Bxc4 b6 10. Ne5 Bb7 11. Bg5 Be7 12. Qe2 Nc6 13. Nxc6 Bxc6 14. Rad1 Qd6
15. d5 exd5 16. Bxf6 Bxf6 17. Bxd5 Bxd5 18. Nxd5 Qd8 1/2-1/2

[Event "FRA-ch Top 16 2007-2008"]
[Site "France"]
[Date "2008.03.25"]
[Round "2.7"]
[White "Vallin, G."]
[Black "Reinhart, Emmanuel"]
[Result "1-0"]
[WhiteElo "2409"]
[BlackElo "2285"]
[PlyCount "71"]
[EventDate "2008.03.??"]
[EventType "swiss"]
[EventRounds "11"]
[EventCountry "FRA"]
[SourceDate "2008.03.23"]
[WhiteTeam "France"]
[BlackTeam "France"]
[WhiteTeamCountry "FRA"]
[BlackTeamCountry "FRA"]

1. d4 d5 2. c4 c6 3. Nc3 dxc4 4. e4 b5 5. a4 b4 6. Na2 Nf6 7. e5 Nd5 8. Bxc4 e6
9. Nf3 Be7 10. O-O Nd7 11. Bd2 a5 12. Nc1 Bb7 13. Nb3 O-O 14. Qe2 g6 15. Bh6
Re8 16. Nfd2 Qb6 17. Ne4 Rec8 18. Rfc1 Qd8 19. Bd3 c5 20. Nbxc5 Bxc5 21. dxc5
Nxe5 22. Bb5 Rc7 23. Bg5 Qf8 24. Nd6 Qg7 25. Ne8 Rxe8 26. Bxe8 h6 27. Bxh6 Qf6
28. Bd2 Qf5 29. Bb5 Nf6 30. c6 Nxc6 31. Qf3 Nd5 32. Bxc6 Rxc6 33. Rxc6 Bxc6 34.
b3 Ne7 35. Bg5 Bd5 36. Kf1 1-0

[Event "FRA-ch Top 16 2007-2008"]
[Site "France"]
[Date "2008.03.23"]
[Round "2.8"]
[White "Gras, Delphine"]
[Black "Collas, Silvia"]
[Result "0-1"]
[WhiteElo "2011"]
[BlackElo "2405"]
[PlyCount "124"]
[EventDate "2008.03.??"]
[EventType "swiss"]
[EventRounds "11"]
[EventCountry "FRA"]
[SourceDate "2008.03.23"]
[WhiteTeam "Strasbourg"]
[BlackTeam "Gonfreville"]
[WhiteTeamCountry "FRA"]
[BlackTeamCountry "FRA"]

1. e4 c5 2. Nf3 e6 3. c3 Nf6 4. e5 Nd5 5. d4 cxd4 6. cxd4 d6 7. Bc4 Nb6 8. Bd3
Nc6 9. O-O dxe5 10. dxe5 Be7 11. Nc3 Nb4 12. Bb1 Qxd1 13. Rxd1 Bd7 14. a3 N4d5
15. Ne4 Ba4 16. Rd4 Rc8 17. Ba2 Bc2 18. b4 O-O 19. Bg5 Bxe4 20. Bxe7 Nxe7 21.
Rxe4 Rc3 22. Bb1 Nc4 23. a4 Nc6 24. Ba2 Nb2 25. b5 Na5 26. Rb1 Nd3 27. Ne1 Nc1
28. Rb2 Rd8 29. Bb1 Nc4 30. Rc2 Rxc2 31. Bxc2 Na3 32. Re3 Nxc2 33. Nxc2 Rd1+
34. Re1 Rxe1+ 35. Nxe1 Ne2+ 36. Kf1 Nc3 37. Nc2 Nxa4 38. Nd4 Nc3 39. Ke1 Kf8
40. Kd2 Nd5 41. g3 g5 42. Kd3 Nb6 43. Nb3 Nd7 44. Kd4 a6 45. bxa6 bxa6 46. Ke4
Ke7 47. h3 f5+ 48. Kd4 Kd8 49. Ke3 Kc7 50. Kd4 Kb6 51. f4 gxf4 52. gxf4 Kb5 53.
Kc3 Nf8 54. Nd4+ Kc5 55. h4 Kd5 56. Kd3 Ng6 57. Ke3 Nxf4 58. Kxf4 Kxd4 59. Kg5
Kxe5 60. h5 f4 61. Kh6 f3 62. Kxh7 f2 0-1

[Event "FRA-ch Top 16 2007-2008"]
[Site "France"]
[Date "2008.03.24"]
[Round "3"]
[White "Cornette, Matthieu"]
[Black "Pucher, Sebastien"]
[Result "1-0"]
[WhiteElo "2491"]
[BlackElo "2241"]
[PlyCount "81"]
[EventDate "2008.03.??"]
[EventType "swiss"]
[EventRounds "11"]
[EventCountry "FRA"]
[SourceDate "2008.03.23"]
[WhiteTeamCountry "FRA"]
[BlackTeamCountry "FRA"]

1. e4 c5 2. Nf3 d6 3. d4 cxd4 4. Nxd4 Nf6 5. Nc3 a6 6. Be2 e5 7. Nb3 Be7 8. O-O
O-O 9. Re1 Be6 10. Bf3 Qc7 11. a4 b6 12. Nd2 Nc6 13. Nb3 Nb4 14. Re2 Rfd8 15.
Nd5 Nfxd5 16. exd5 Bf5 17. c3 Nd3 18. Be4 Nxc1 19. Rxc1 Bg4 20. f3 Bd7 21. Ra1
b5 22. a5 Bg5 23. g3 g6 24. Bd3 h5 25. Qf1 Re8 26. Rae1 b4 27. c4 Ba4 28. Nd2
Bxd2 29. Rxd2 Qxa5 30. g4 Qd8 31. gxh5 Qg5+ 32. Rg2 Qxh5 33. Rg3 Kg7 34. Re2
Bd7 35. Reg2 Rh8 36. Rg5 Qh4 37. Qb1 Rh5 38. R5g3 Rah8 39. Bxg6 fxg6 40. Qxg6+
Kf8 41. Qxd6+ 1-0

[Event "FRA-ch Top 16 2007-2008"]
[Site "France"]
[Date "2008.03.24"]
[Round "3"]
[White "Koch, Jean Rene"]
[Black "Palac, Mladen"]
[Result "1/2-1/2"]
[WhiteElo "2453"]
[BlackElo "2575"]
[PlyCount "20"]
[EventDate "2008.03.??"]
[EventType "swiss"]
[EventRounds "11"]
[EventCountry "FRA"]
[SourceDate "2008.03.23"]
[WhiteTeam "Metz"]
[WhiteTeamCountry "FRA"]
[BlackTeamCountry "FRA"]

1. e4 c5 2. Nf3 Nc6 3. d4 cxd4 4. Nxd4 Nf6 5. Nc3 d6 6. Be2 e5 7. Nb3 Be7 8.
O-O O-O 9. Kh1 a6 10. a4 Be6 1/2-1/2

[Event "FRA-ch Top 16 2007-2008"]
[Site "France"]
[Date "2008.03.24"]
[Round "3"]
[White "Martinovic, Gordana"]
[Black "Lallemand, Roza"]
[Result "0-1"]
[WhiteElo "1974"]
[BlackElo "2246"]
[PlyCount "71"]
[EventDate "2008.03.??"]
[EventType "swiss"]
[EventRounds "11"]
[EventCountry "FRA"]
[SourceDate "2008.03.23"]
[WhiteTeam "Hyeres"]
[BlackTeam "Bischwiller"]
[WhiteTeamCountry "FRA"]
[BlackTeamCountry "FRA"]

1. e4 {Il y avait une erreur de saisie dans la base de la FFE au sujet de
l'identité de la joueuse ayant les blancs et il ne s'agissait pas de Marie
LECLAIR} e6 2. d4 d5 3. Nd2 Nc6 4. Ngf3 Nf6 5. e5 Nd7 6. c3 f6 7. Bd3 fxe5 8.
Nxe5 Ndxe5 9. dxe5 Nxe5 10. Qh5+ Nf7 11. O-O g6 12. Qe2 Bg7 13. Nf3 O-O 14. Be3
e5 15. Bc2 e4 16. Nd2 Ne5 17. Bb3 Kh8 18. Rad1 Bg4 19. f3 exf3 20. Nxf3 c6 21.
Bd4 Bxf3 22. gxf3 Qg5+ 23. Qg2 Qf4 24. Rde1 Nxf3+ 25. Rxf3 Bxd4+ 26. Kh1 Qxf3
27. Qxf3 Rxf3 28. cxd4 Rf4 29. Re7 Rxd4 30. Rxb7 Rd2 31. Re7 Rxb2 32. Kg1 a5
33. Ba4 Rxa2 34. Bxc6 Rd8 35. h4 d4 36. Kf1 0-1

[Event "FRA-ch Top 16 2007-2008"]
[Site "France"]
[Date "2008.03.24"]
[Round "3"]
[White "Nataf, Igor Alexandre"]
[Black "Neiman, Emmanuel"]
[Result "1/2-1/2"]
[WhiteElo "2552"]
[BlackElo "2371"]
[PlyCount "75"]
[EventDate "2008.03.??"]
[EventType "swiss"]
[EventRounds "11"]
[EventCountry "FRA"]
[SourceDate "2008.03.23"]
[WhiteTeamCountry "FRA"]
[BlackTeamCountry "FRA"]

1. e4 e5 2. Nf3 Nf6 3. Nxe5 d6 4. Nf3 Nxe4 5. d4 d5 6. Bd3 Nc6 7. O-O Be7 8. c4
Nb4 9. Be2 O-O 10. a3 Nc6 11. cxd5 Qxd5 12. Nc3 Nxc3 13. bxc3 Bf5 14. Re1 Rfe8
15. Bf4 Rac8 16. Bd3 Bxd3 17. Qxd3 Bd6 18. c4 Qh5 19. Be3 b6 20. Rab1 Rcd8 21.
Rb5 Qg6 22. Qc3 h6 23. h3 Qf6 24. Qc2 Nxd4 25. Nxd4 Qxd4 26. Rc1 Qe4 27. Qxe4
Rxe4 28. a4 Bf4 29. Bxf4 Rxf4 30. a5 Rd2 31. axb6 axb6 32. f3 Rf6 33. c5 Rc6
34. Rc3 Rg6 35. g4 Re6 36. Kf1 g5 37. cxb6 cxb6 38. Rf5 1/2-1/2

[Event "FRA-ch Top 16 2007-2008"]
[Site "France"]
[Date "2008.03.24"]
[Round "3"]
[White "Acher, Mathieu"]
[Black "Wirig, Anthony"]
[Result "1/2-1/2"]
[WhiteElo "2381"]
[BlackElo "2479"]
[PlyCount "73"]
[EventDate "2008.03.??"]
[EventType "swiss"]
[EventRounds "11"]
[EventCountry "FRA"]
[SourceDate "2008.03.23"]
[WhiteTeamCountry "FRA"]
[BlackTeamCountry "FRA"]

1. e4 c5 2. Nf3 e6 3. d4 cxd4 4. Nxd4 a6 5. Nc3 Qc7 6. Be3 Bb4 7. Nde2 Nf6 8.
a3 Be7 9. Nf4 b5 10. Nh5 Nxh5 11. Qxh5 Nc6 12. f4 b4 13. axb4 Nxb4 14. Bd3 Rb8
15. O-O g6 16. Qh6 Bf8 17. Qh4 Be7 18. Qh6 Bf8 19. Qh4 Be7 20. Qf2 f6 21. f5
Bb7 22. Qh4 gxf5 23. exf5 Nxd3 24. cxd3 Rg8 25. g3 Rg7 26. d4 Qc4 27. Qh5+ Rf7
28. fxe6 dxe6 29. Rfe1 Rd8 30. Rad1 Bb4 31. d5 Bxc3 32. dxe6 Qxe6 33. bxc3 Rxd1
34. Qxd1 Qd5 35. Bc5+ Kd7 36. Qa4+ Bc6 37. Qd4 1/2-1/2

[Event "FRA-ch Top 16 2007-2008"]
[Site "France"]
[Date "2008.03.24"]
[Round "3"]
[White "Dreev, Alexey"]
[Black "Miralles, Gilles"]
[Result "1-0"]
[WhiteElo "2633"]
[BlackElo "2490"]
[PlyCount "54"]
[EventDate "2008.03.??"]
[EventType "swiss"]
[EventRounds "11"]
[EventCountry "FRA"]
[SourceDate "2008.03.23"]
[WhiteTeamCountry "FRA"]
[BlackTeamCountry "FRA"]

1. d4 d5 2. c4 e6 3. Nc3 Be7 4. cxd5 exd5 5. Bf4 c6 6. e3 Bf5 7. g4 Bg6 8. h4
h6 9. h5 Bh7 10. Bd3 Bxd3 11. Qxd3 Nf6 12. f3 Qb6 13. Nge2 Na6 14. O-O-O c5 15.
Be5 cxd4 16. Bxd4 Qc6 17. Kb1 Nc7 18. Qf5 Rd8 19. Nf4 O-O 20. g5 Nfe8 21. gxh6
Qxh6 22. Ncxd5 Bd6 23. Rdg1 Ne6 24. Ng6 Nxd4 25. exd4 b6 26. Rh3 Qh7 27. Ka1
Qh6 1-0

[Event "FRA-ch Top 16 2007-2008"]
[Site "France"]
[Date "2008.03.24"]
[Round "3"]
[White "Bricard, Emmanuel"]
[Black "Santo Roman, Marc"]
[Result "1/2-1/2"]
[WhiteElo "2490"]
[BlackElo "2395"]
[PlyCount "120"]
[EventDate "2008.03.??"]
[EventType "swiss"]
[EventRounds "11"]
[EventCountry "FRA"]
[SourceDate "2008.03.23"]
[WhiteTeamCountry "FRA"]
[BlackTeamCountry "FRA"]

1. e4 c5 2. Nc3 Nc6 3. g3 g6 4. Bg2 Bg7 5. d3 d6 6. Nge2 e6 7. O-O Nge7 8. Bg5
h6 9. Be3 Nd4 10. Rb1 O-O 11. Qd2 Kh7 12. b4 Nec6 13. b5 Nxe2+ 14. Nxe2 Nd4 15.
f4 Rb8 16. Nc1 a6 17. a4 axb5 18. c3 Nc6 19. axb5 Na5 20. c4 b6 21. Ne2 Bb7 22.
Qc2 d5 23. g4 dxc4 24. dxc4 Qh4 25. Bf2 Qxg4 26. h3 Qh5 27. Ng3 Qh4 28. Nf5 Qf6
29. Nxg7 Qxg7 30. Rbd1 Rbd8 31. e5 Bxg2 32. Kxg2 f5 33. exf6 Qxf6 34. Rxd8 Rxd8
35. Rd1 Rxd1 36. Qxd1 Nxc4 37. Qd7+ Kg8 38. Qd3 Na5 39. Be1 Nb7 40. Qd7 Qf7 41.
Qc8+ Kh7 42. Qc6 Qe7 43. Qxb6 Qd7 44. Bc3 g5 45. fxg5 hxg5 46. Qc6 Qd5+ 47.
Qxd5 exd5 48. Kf3 Kg6 49. Kg4 d4 50. Bd2 c4 51. Bxg5 c3 52. h4 d3 53. h5+ Kf7
54. Kf3 Ke6 55. h6 Kf7 56. h7 Kg7 57. Bf6+ Kxh7 58. Bxc3 Kg6 59. Ke3 Kf5 60.
Kxd3 Ke6 1/2-1/2

[Event "FRA-ch Top 16 2007-2008"]
[Site "France"]
[Date "2008.03.24"]
[Round "3"]
[White "Muller, Anne"]
[Black "Cochet, Caroline"]
[Result "1-0"]
[WhiteElo "2136"]
[BlackElo "2066"]
[PlyCount "123"]
[EventDate "2008.03.??"]
[EventType "swiss"]
[EventRounds "11"]
[EventCountry "FRA"]
[SourceDate "2008.03.23"]
[WhiteTeamCountry "FRA"]
[BlackTeamCountry "FRA"]

1. e4 c5 2. Nf3 e6 3. d4 cxd4 4. Nxd4 a6 5. Bd3 Qc7 6. Nc3 Nf6 7. O-O b5 8. a3
d6 9. f4 Nbd7 10. Qe2 Be7 11. Bd2 Bb7 12. Rae1 h5 13. h3 h4 14. Be3 Nh5 15. Qg4
Ndf6 16. Qf3 Ng3 17. Rf2 d5 18. exd5 Nxd5 19. Nxd5 Bxd5 20. Qg4 g6 21. Bd2 Bc5
22. c3 O-O-O 23. a4 Nf5 24. axb5 axb5 25. Qe2 Qb6 26. Bxf5 gxf5 27. Be3 Bc4 28.
Qc2 Kb7 29. b4 Be7 30. Nxf5 Qc7 31. Nxe7 Qxe7 32. Bd4 Rhg8 33. f5 Bd5 34. Ra1
Ra8 35. Rxa8 Rxa8 36. Qe2 Bc4 37. Qe4+ Bd5 38. Qe2 Bc4 39. Qe5 Ra1+ 40. Kh2 Rf1
41. Rxf1 Bxf1 42. Qe4+ Kc8 43. Qa8+ Kd7 44. Qb7+ Ke8 45. Qc8+ Qd8 46. Qxd8+
Kxd8 47. fxe6 fxe6 48. Bf6+ Kd7 49. Bxh4 e5 50. Kg1 Bc4 51. Kf2 Ke6 52. g4 e4
53. Bd8 Kf7 54. Bb6 Kg6 55. Be3 Kf6 56. Kg3 Be2 57. Kf4 Bf3 58. h4 Kg6 59. h5+
Kh6 60. c4 Be2 61. c5 Bc4 62. Ke5+ 1-0

[Event "FRA-ch Top 16 2007-2008"]
[Site "France"]
[Date "2008.03.24"]
[Round "3"]
[White "Postny, Evgeny"]
[Black "Kazhgaleyev, Murtas"]
[Result "1/2-1/2"]
[WhiteElo "2627"]
[BlackElo "2594"]
[PlyCount "158"]
[EventDate "2008.03.??"]
[EventType "swiss"]
[EventRounds "11"]
[EventCountry "FRA"]
[SourceDate "2008.03.23"]
[WhiteTeam "Metz"]
[BlackTeam "Cannes"]
[WhiteTeamCountry "FRA"]
[BlackTeamCountry "FRA"]

1. d4 Nf6 2. Nf3 g6 3. c4 Bg7 4. Nc3 d5 5. Bg5 dxc4 6. Qa4+ Nfd7 7. e3 c5 8.
dxc5 Nc6 9. Qxc4 Qa5 10. Be2 Nxc5 11. O-O Be6 12. Qb5 Bxc3 13. bxc3 Qxb5 14.
Bxb5 Bd7 15. Nd4 Nxd4 16. Bxd7+ Kxd7 17. cxd4 Ne4 18. Bh4 Rhc8 19. Rfb1 b6 20.
f3 Nc3 21. Rb2 Rc4 22. Be1 Na4 23. Rd2 Rac8 24. Kf2 Rc1 25. Rxc1 Rxc1 26. Re2
b5 27. e4 Nc3 28. Bxc3 Rxc3 29. Re3 Rc2+ 30. Re2 Rc4 31. Ke3 b4 32. d5 Kd6 33.
Rd2 a5 34. h4 f5 35. Kf4 a4 36. h5 b3 37. axb3 axb3 38. hxg6 hxg6 39. Rb2 Rb4
40. Kg5 fxe4 41. fxe4 Ke5 42. Kxg6 Kxe4 43. Kf7 Kxd5 44. Kxe7 Kd4 45. g4 Kc3
46. Rxb3+ Rxb3 47. g5 Kd4 48. g6 Ke5 49. g7 Rb7+ 50. Kf8 Kf6 51. g8=N+ Ke6 52.
Nh6 Rh7 53. Ng8 Rf7+ 54. Ke8 Rf1 55. Nh6 Rf2 56. Ng8 Ra2 57. Kf8 Ra7 58. Nh6
Kf6 59. Ng8+ Ke6 60. Nh6 Rh7 61. Ng8 Rf7+ 62. Ke8 Rg7 63. Kf8 Rg6 64. Ne7 Rf6+
65. Ke8 Rf3 66. Ng8 Rf4 67. Nh6 Rf6 68. Ng8 Rf1 69. Nh6 Kf6 70. Ng8+ Kg7 71.
Ne7 Rd1 72. Nc8 Kf6 73. Nb6 Ke6 74. Nc8 Rd7 75. Nb6 Rb7 76. Nc8 Rb5 77. Kd8 Rc5
78. Nb6 Rb5 79. Kc7 Rb1 1/2-1/2